<?xml version="1.0" encoding="UTF-8"?><?xml-stylesheet type="text/xsl" href="static/style.xsl"?><OAI-PMH xmlns="http://www.openarchives.org/OAI/2.0/" xmlns:xsi="http://www.w3.org/2001/XMLSchema-instance" xsi:schemaLocation="http://www.openarchives.org/OAI/2.0/ http://www.openarchives.org/OAI/2.0/OAI-PMH.xsd"><responseDate>2026-04-28T02:54:12Z</responseDate><request verb="GetRecord" identifier="oai:riubu.ubu.es:10259/7999" metadataPrefix="marc">https://riubu.ubu.es/oai/request</request><GetRecord><record><header><identifier>oai:riubu.ubu.es:10259/7999</identifier><datestamp>2023-11-14T01:05:42Z</datestamp><setSpec>com_10259_6171</setSpec><setSpec>com_10259_5086</setSpec><setSpec>com_10259_2604</setSpec><setSpec>col_10259_6172</setSpec></header><metadata><record xmlns="http://www.loc.gov/MARC21/slim" xmlns:doc="http://www.lyncode.com/xoai" xmlns:xsi="http://www.w3.org/2001/XMLSchema-instance" xmlns:dcterms="http://purl.org/dc/terms/" xsi:schemaLocation="http://www.loc.gov/MARC21/slim http://www.loc.gov/standards/marcxml/schema/MARC21slim.xsd">
<leader>00925njm 22002777a 4500</leader>
<datafield tag="042" ind1=" " ind2=" ">
<subfield code="a">dc</subfield>
</datafield>
<datafield tag="720" ind1=" " ind2=" ">
<subfield code="a">Fiol Olivan, Francisco</subfield>
<subfield code="e">author</subfield>
</datafield>
<datafield tag="720" ind1=" " ind2=" ">
<subfield code="a">Revilla Cuesta, Víctor</subfield>
<subfield code="e">author</subfield>
</datafield>
<datafield tag="720" ind1=" " ind2=" ">
<subfield code="a">Thomas, Carlos</subfield>
<subfield code="e">author</subfield>
</datafield>
<datafield tag="720" ind1=" " ind2=" ">
<subfield code="a">Manso Villalaín, Juan Manuel</subfield>
<subfield code="e">author</subfield>
</datafield>
<datafield tag="260" ind1=" " ind2=" ">
<subfield code="c">2023-05</subfield>
</datafield>
<datafield tag="520" ind1=" " ind2=" ">
<subfield code="a">Marine environments are extremely challenging for the long-term durability of concrete. Prior validation of&#xd;
concrete durability is therefore a prerequisite to guarantee its adequate performance under marine environmental conditions. In this study, the performance of Self-Compacting Concrete (SCC) with variable contents of&#xd;
coarse Recycled Precast-Concrete Aggregate (RPCA) and two different cement contents is assessed in terms of&#xd;
capillary water absorption, natural and accelerated carbonation, resistance to SO2 attack, and moist/dry performance in drinking water, marine water, and sulfate water. These tests are intended to simulate the conditions&#xd;
of a marine environment. In general, the results showed that an SCC containing coarse RPCA of adequate&#xd;
durability under marine conditions could be produced. On the one hand, porosity due to the presence of RPCA&#xd;
increased less as the cement content was increased, which in turn reduced water absorption and SCC carbonation. For example, the effective porosity of the SCC was reduced by 25 % between day 28 and day 180,&#xd;
following the addition of 100 % coarse RPCA. On the other hand, both the SO2-attack and the moist/dry tests&#xd;
revealed that the weight of the SCC with RPCA underwent greater variations, due to the reactions of the cementhydration products with chlorides and sulfates, as well as salt deposition. However, SCC compressive strength&#xd;
was never adversely affected, as the concrete strength increased up to 8 MPa after the drinking-water and the&#xd;
sulfate-water moist/dry tests when using RPCA. According to both Fick’s and Parrot’s models, the projected&#xd;
service life of all the mixes was over 100 years, regardless of the coarse RPCA content, making this sort of SCC a&#xd;
feasible option for construction in marine environments.</subfield>
</datafield>
<datafield tag="024" ind2=" " ind1="8">
<subfield code="a">0950-0618</subfield>
</datafield>
<datafield tag="024" ind2=" " ind1="8">
<subfield code="a">http://hdl.handle.net/10259/7999</subfield>
</datafield>
<datafield tag="024" ind2=" " ind1="8">
<subfield code="a">10.1016/j.conbuildmat.2023.131084</subfield>
</datafield>
<datafield ind1=" " ind2=" " tag="653">
<subfield code="a">Recycled precast-concrete aggregate</subfield>
</datafield>
<datafield ind1=" " ind2=" " tag="653">
<subfield code="a">Self-compacting concrete</subfield>
</datafield>
<datafield ind1=" " ind2=" " tag="653">
<subfield code="a">Marine environment</subfield>
</datafield>
<datafield ind1=" " ind2=" " tag="653">
<subfield code="a">Capillary water absorption</subfield>
</datafield>
<datafield ind1=" " ind2=" " tag="653">
<subfield code="a">Carbonation</subfield>
</datafield>
<datafield ind1=" " ind2=" " tag="653">
<subfield code="a">Moist/dry test</subfield>
</datafield>
<datafield tag="245" ind1="0" ind2="0">
<subfield code="a">Self-compacting concrete containing coarse recycled precast-concrete aggregate and its durability in marine-environment-related tests</subfield>
</datafield>
</record></metadata></record></GetRecord></OAI-PMH>